Sports Quiz

Random Sports or MLB Quiz

2000's Phillies All-Stars Quiz Stats

 Plays Quiz not verified by Sporcle

Challenge
Share
Tweet
Embed
Score 0/17 Timer 05:00
0 Plays Today
AS Rosters Made as Phillie Player % Correct
4Chase Utley
99.3%
3Jimmy Rollins
98.6%
2Ryan Howard
98.6%
1Cole Hamels
89.1%
1Shane Victorino
81.6%
1Jason Werth
81%
1Brad Lidge
74.1%
2Bobby Abreu
70.1%
1Jim Thome
65.3%
AS Rosters Made as Phillie Player % Correct
1Raul Ibanez
61.9%
1Scott Rolen
61.2%
1Mike Lieberthal
57.1%
1Billy Wagner
42.9%
1Aaron Rowand
37.4%
1Randy Wolf
25.2%
1Vicente Padilla
22.4%
1Tom Gordon
22.4%

You're not logged in!

Compare scores with friends on all Sporcle quizzes.
OR
Log In

You Might Also Like...

Show Comments

Extras

Top Quizzes Today


Score Distribution

Your Account Isn't Verified!

In order to create a playlist on Sporcle, you need to verify the email address you used during registration. Go to your Sporcle Settings to finish the process.

Report this User

Report this user for behavior that violates our Community Guidelines.

Details: